Most popular Lana del rey songs(2024) - Statistics

General Stats
  • This quiz has been taken 63 times
    48 since last reset
  • The average score is 10 of 20
Answer Stats
Streams Song Album Year % Correct
1,21 M Summertime Sadness BTD 2012
85%
0.49 M Born To Die BTD 2012
74%
0.58 M Video Games BTD 2011
74%
1,02 M Young and Beautiful *Single 2013
72%
0.65 M Brooklyn Baby Ultraviolence 2014
62%
0.75 M West Coast Ultraviolence 2014
62%
0.76 M Cinnamon Girl NFR 2019
56%
0.93 M Say Yes To Heaven *Single 2023
56%
0.45 M Art Deco Honeymoon 2015
54%
0.35 M Radio BTD 2012
46%
0.37 M Doin` Time NFR 2019
44%
0.37 M Sad Girl Ultraviolence 2014
38%
0.99 M Stargirl Interlude *Single/Interlude 2016
38%
0.42 M Let The Light In DYKTTATUOB 2023
36%
0.49 M Margaret DYKTTATUOB 2023
36%
0.60 M White Mustang Lust for Life 2017
33%
0.342M Salvatore Honeymoon 2015
28%
0.48 M Tough Lasso 2024
26%
0.70 M Diet Mountain Dew BTD 2012
23%
0.52 M COTCC COTCC 2021
10%
No matching quizzes found
Score Distribution
Percent of People with Each Score
Percentile by Number Answered
Your Score History
You have not taken this quiz since the last reset